000 00517nam a2200181 i 4500
001 64618
003 ES-MaACL
005 20230906165154.0
007 t|
008 031230s1971 sp ||||1| spa d
100 1 _aFord, Ford Madox.
_951699
245 1 3 _aEl buen soldado
_b: novela /
_cFord Madox Ford ; [traducción, Sergio Pitol].
250 _a[1ª ed.].
260 _aBarcelona :
_bPlaneta,
_c[1971]
300 _a277 p. ;
_c21 cm.
700 1 _aPitol, Sergio.
_992416
852 _aES-MaACL
_jC-39127
_bR.79468
999 _c64618
_d64618